[Event "Codogno op 3rd B"]
[Site "Codogno"]
[Date "2011.10.16"]
[Round "5"]
[White "Marchesotti, Giovanni"]
[Black "Cautiero, Pietro"]
[Result "0-1"]
[WhiteElo "1599"]
[BlackElo "1698"]
[PlyCount "90"]
[EventDate "2011.10.14"]
[EventType "swiss"]
[EventRounds "5"]
[EventCountry "ITA"]
[SourceTitle "EXT 2024"]
[Source "ChessBase"]
[SourceDate "2023.10.10"]
[SourceVersion "1"]
[SourceVersionDate "2023.10.10"]
[SourceQuality "1"]

1. Nf3 e6 2. g3 Nf6 3. Bg2 d5 4. 0-0 c5 5. d3 Nc6 6. Nbd2 Be7 7. e4 dxe4 8. dxe4 e5 9. h3 0-0 10. c3 h6 11. Qe2 Be6 12. Nc4 Qc7 13. Rd1 b5 14. Na3 a6 15. Ne1 Rad8 16. Be3 Rxd1 17. Rxd1 Bxa2 18. Ra1 Be6 19. f4 Bc8 20. Nd3 c4 21. Nxe5 Nxe5 22. fxe5 Qxe5 23. Bf4 Qc5+ 24. Kh2 Bb7 25. Rd1 Rd8 26. Rxd8+ Bxd8 27. Qd2 Bb6 28. Qc1 Bxe4 29. Bxe4 Nxe4 30. Qe1 Qf2+ 31. Qxf2 Nxf2 32. Nc2 Nd3 33. Nb4 Nxb4 34. cxb4 Bd4 35. Bc1 f5 36. g4 f4 37. Bxf4 Bxb2 38. Bd6 c3 39. Be5 Kf7 40. Kg2 g5 41. Kf2 Ke6 42. Bg7 Kd5 43. Ke3 Kc4 44. Be5 Kxb4 45. Kd3 Kb3 0-1

[Event "Crema op 11th"]
[Site "Crema"]
[Date "2009.09.04"]
[Round "2"]
[White "Cautiero, Pietro"]
[Black "Quagliarella, Sabino Remo"]
[Result "1/2-1/2"]
[WhiteElo "1679"]
[BlackElo "1917"]
[PlyCount "112"]
[EventDate "2009.09.04"]
[EventType "swiss"]
[EventRounds "6"]
[EventCountry "ITA"]
[SourceTitle "EXT 2011"]
[Source "ChessBase"]
[SourceDate "2010.11.26"]
[SourceVersion "1"]
[SourceVersionDate "2010.11.26"]
[SourceQuality "1"]

1. d4 Nf6 2. Nf3 g6 3. c4 Bg7 4. Nc3 d5 5. cxd5 Nxd5 6. e4 Nxc3 7. bxc3 0-0 8. Be3 c5 9. Be2 Nc6 10. Qd2 Bg4 11. Rd1 Qa5 12. 0-0 Bxf3 13. Bxf3 cxd4 14. cxd4 Qxd2 15. Rxd2 Rfd8 16. d5 Ne5 17. Be2 Rdc8 18. f4 Nc4 19. Bxc4 Rxc4 20. e5 b6 21. Rfd1 Rd8 22. Kf2 Kf8 23. Kf3 h5 24. Rd4 Rxd4 25. Rxd4 Ke8 26. Rd2 Rc8 27. g3 Bf8 28. Ke4 Kd7 29. f5 gxf5+ 30. Kxf5 Rc4 31. Kg5 Bg7 32. Bf4 h4 33. d6 e6 34. Re2 h3 35. Kg4 f6 36. exf6 Bxf6 37. Kxh3 Rc5 38. Rd2 Bc3 39. Rd3 e5 40. Bd2 Bd4 41. Kg4 Rc4 42. Kf5 Kxd6 43. g4 Kd5 44. g5 e4 45. Rg3 Rc2 46. Bf4 Rf2 47. Kg4 Rxh2 48. Ra3 Rh7 49. g6 Rd7 50. Kf5 Re7 51. Rg3 e3 52. Bxe3 Re5+ 53. Kf4 Re4+ 54. Kf5 Re5+ 55. Kf4 Re4+ 56. Kf5 Re5+ 1/2-1/2